Stolice świata z literą „C” - Statystyki

Ogólne statystyki
  • Ten quiz został rozwiązany 230 razy
    36 od ostatniego zresetowania
  • Średni wynik to 8 z 12
Statystyki odpowiedzi
Stolica % Poprawnych
Canberra
97%
Caracas
91%
Chartum
75%
Asunción
72%
Aszchabad
69%
Castries
66%
Tegucigalpa
66%
Podgorica
53%
Ciudad de la Paz
50%
Port-au-Prince
50%
Victoria
50%
Sucre
34%
Nie znaleziono quizów pasujących do podanych kryteriów
Rozkład punktacji
Procent ludzi z każdym wynikiem
Percentyl według liczby udzielonych odpowiedzi
Twoja historia wyników
Nie rozwiązałeś tego quizu od ostatniego zresetowania